Constructions of Lie algebras and their modules

Αποθηκεύτηκε σε:
Λεπτομέρειες βιβλιογραφικής εγγραφής
Κύριος συγγραφέας: Seligman, George B., 1927-
Μορφή: Βιβλίο
Γλώσσα:English
Δημοσίευση: Berlin : Springer-Verlag, c1988
Σειρά:Lecture notes in mathematics (Springer-Verlag) ; 1300
Θέματα:
Ετικέτες: Προσθήκη ετικέτας
Δεν υπάρχουν, Καταχωρήστε ετικέτα πρώτοι!

MARC

LEADER 00000cam a2200000 i 4500
001 1/27718
008 941103s1988 eng d
020 |a 3-540-18973-4 
035 |a 1993  |l 10037891 
040 |a GR-MY-UA  |b gre  |e aacr 
041 0 |a eng 
082 0 |a 512.55 
100 1 |a Seligman, George B.,   |d 1927- 
245 1 0 |a Constructions of Lie algebras and their modules /  |c George B. Seligman 
260 |a Berlin :   |b Springer-Verlag,   |c c1988 
300 |a vi, 190 p.;  |c 25 cm. 
490 1 |a Lecture notes in mathematics (Springer-Verlag)  |v ; 1300 
500 |a Includes bibliography and index 
650 0 0 |a Lie algebras. 
650 0 0 |a Modules (Algebra) 
830 0 |a Lecture notes in mathematics (Springer-Verlag)  |v ; 1300 
852 |a INST  |b SAMOS  |e 19941103  |h 512.55 SEL  |p 005300007732  |q 005300007732  |t BK  |y 0 
909 |a Σ  |b 029165